000 01099cam a2200313 i 4500
001 768714001
003 CO-MdBIC
005 20231201091209.0
008 231201t1991 sp ||||| |||| 00| 0 spa d
020 _a84-301-1143-3
040 _bspa.
_aCO-MdFUSB
_cCO-MdFUSB
_dCO-MdFUSBC
_erda
041 _aspa
082 0 4 _aG 231.76 L166d
100 1 _aLafont, Ghislain
245 1 0 _aDios, el tiempo y el ser / Ghislain Lafont ; traducido por Alfonso Ortiz García
_c/
264 1 _aSalamanca : Sígueme
_bEdiciones Sígueme,
_c[1991]
264 4 _c©1991
300 _a374 p., 21 cm
_c;
336 _atexto
_btxt
_2rdacontent
337 _2rdamedia
_asin mediación
_bn
338 _2rdacarrier
_avolumen
_bnc
500 _atítulo original francés: Dieu, le temps et l'être
505 0 0 _aEl tiempo perdido y el ser inencontrable -- El tiempo reencontrado en Jesucristo -- Antiguas y nuevas revelaciones del ser -- Apertura hacia la ética y la escatología
650 7 _aDios
_9178
650 7 _aEscatología
_9213
700 1 _aOrtiz García, Alfonso
942 _cBK
945 _ajohan1477
999 _c44440
_d44440